01042 2200289 4500001002100000005001700021008004100038020001800079035002400097082001000121090002200131100002600153245022200179250001100401260003100412300002500443500012600468650002200594700002300616700002400639700001600663700001400679850001200693980001800705985000600723999002300729YOGYA-0209000005601120090227033633.0 ind  a979-21-0722-3 0010-020900000056011 a248.4 a248.4bSof DlDEP aSOFIELD, Br. Loughlan aDesign for wholenessbrancangan membangun keutuhan pribadicBr. Loughlan Sofield, Sr. Caroll Juliano, Sr. Rosne Hammett ; diterjemahkan oleh Willie Koen ; disunting oleh J. Drost SJ ; ilustrasi oleh Bambang Shakuntala aCet. 1 aYogyakartabKanisiusc2003 a204 hlmbilusc21 cm aJudul asli: Design for wholeness dealing with Anger, Learning to forgive, Building self EsteembBibliografi : hlm 201-203 aHidup Kekristenan aHammett, Rosne, Sr aJuliano, Caroll, Sr aKun, Willie aDrost, SJ aYOPDYOG a29 Maret 2005 a1 a2003-473 h CB-D.11